00341cam a22000977a 4500008004000000082001800040245011600058260003200174300001000206650002700216180718b1959 xxu||||| |||| 00| 0 eng d aN1208x73 Es73 aEssentials of military training: a manual for members of the regular army, army national guard and army reserve aHarrisburgbStockpolec1959 a536p. aUSA - Army - Education